000 00701nam a2200217 a 4500
001 56434
003 BD-RjUL
005 20211209080408.0
008 161129s1955 ii ||||| |||| 00| 0 ben d
035 _a(BD-RjUL)56558
040 _aBD-RjUL
_bben
_cBD-RjUL
041 _aben
082 _223
_a891.443
_bABA 1955
100 _aঅবধুত
_9137311
245 1 0 _aবশীকরণ /
_cঅবধুত
260 _aকলিকাতা :
_bনওরোজ কিতাবিস্তান,
_c১৯৫৫
300 _a২৩৩ পৃ. ;
_c২১ সেমি.
650 _aবাংলা উপন্যাস
_9167865
650 _aBengali Fictions
_9167866
942 _2ddc
_cBK
999 _c56434
_d56434